Estadísticas para Banderas de los Paises de Centroamerica

Haz click aquí para intentar la prueba.

Estadísticas generales

  • Esta prueba ha sido intentada 39 veces
  • La puntuación promedio es 14 de 16

Estadísticas de respuestas

Respuesta% Correcto
Guatemala
100%
Honduras
100%
Jamaica
97%
Nicaragua
97%
Costa rica
94%
Cuba
94%
El salvador
92%
Panama
92%
Barbados
89%
Haití
89%
Republica dominicana
89%
Trinidad y Tobago
86%
Bahamas
83%
Belice
83%
Antigua y Barbuda
78%
Santa Lucia
78%

Distribución de puntuación

Porcentaje por número respondido

Porcentaje de gente con cada puntuación

Historial de tus puntuaciones

No has intentado esta prueba.